000 00701nam a2200289Ia 4500
005 20260324115112.0
008 008 260324s9999 xx 000 0 eng d
020 _a9780429346972
037 _aEBOOK
040 _aCRL
040 _beng
040 _cCRL
041 _2eng
041 _aeng
084 _qCRL
100 _aHarriet Harriss; Daisy Froud
_91153371
245 0 _aRadical Pedagogies
245 0 _bArchitectural Education and the British Tradition
260 _bTaylor and Francis
260 _c2019
365 _a
365 _b165
856 _uhttp://www.taylorfrancis.com/books/9780429346972
942 _cEBOOK
999 _c1744000
_d1744000